Oliver Goldsmith: A Biography
שמור ב:
| מחבר ראשי: | |
|---|---|
| פורמט: | ספר |
| שפה: | אנגלית |
| יצא לאור: |
Nueva York
G. P. Putnam & Co.
1856
|
| מהדורה: | 2a. ed |
| סדרה: | <The >works of Washington Irving, XI
|
| נושאים: | |
| תגים: |
הוספת תג
אין תגיות, היה/י הראשונ/ה לתייג את הרשומה!
|
MARC
| LEADER | 00000nam a2200000 a 4500 | ||
|---|---|---|---|
| 001 | UCJ7512 | ||
| 003 | CL-VaPUC | ||
| 008 | 070124e18560000US |||||||||||||||||eng|d | ||
| 082 | 0 | 4 | |a 818 |b IRV |2 21 |
| 100 | |a Irving, Washington |e author |9 345121 | ||
| 245 | 1 | 0 | |a Oliver Goldsmith: A Biography |
| 250 | |a 2a. ed | ||
| 300 | |a 382 p | ||
| 942 | |c BK | ||
| 945 | |d 20070124 00:00:00 |a rinostro | ||
| 260 | |a Nueva York |b G. P. Putnam & Co. |c 1856 | ||
| 600 | 0 | 7 | |a GOLDSMITH, OLIVER |2 CL-VaPUC |9 513847 |
| 650 | 7 | |a BIOGRAFIA |2 CL-VaPUC |9 504622 | |
| 650 | 0 | |a Crítica literaria |9 269189 | |
| 583 | |a last modification |c 20070124 00:00:00 |k Rodrigo Vera | ||
| 490 | 0 | |a <The >works of Washington Irving, XI | |
| 999 | |c 323596 |d 323594 | ||
| 952 | |0 0 |1 0 |4 0 |6 818_000000000000000_IRV_1856 |7 0 |8 X |9 403339 |a FDOBUD |b FDOBUD |d 2019-11-22 |i 1065335 |o 818 IRV 1856 |p 1065335 |r 2019-11-22 |w 2019-11-22 |y BK_X |k BUD | ||